• 首页
  • 本馆介绍
  • 公告通知
  • 最新文献
  • 馆藏检索
  • 电子资源
  • 读者导购
  • 参考咨询
  • 我的图书馆
  • 登录
  • 详细信息显示
  • 放入我的书架
  • 预约/预借图书
  • 作者相关作品
  • 分类相关作品
  • 丛书相关作品
  • 出版社相关作品

书目信息

  • 表格格式
  • 工作单格式
  • 卡片格式
题名:
悲剧的诞生
    
 
作者: 尼采 著 ;周国平 译
分册:  
出版信息: 北京   中国盲文出版社  2014.04
页数: 196页
开本: 26cm
丛书名:
单 册:
中图分类: B83-095.16 , B516.47
科图分类:
主题词: 美学理论--德国--近代
电子资源:
ISBN: 978-7-5002-4905-4
000 01155nam0 2200265 450
001 0102100415
005 20210402100820.0
010    @a978-7-5002-4905-4@dCNY29.00
100    @a20140727e20152014em y0chiy0110 ea
101 1  @achi@cger
102    @aCN@b110000
105    @ay z 000yy
106    @ar
200 1  @a悲剧的诞生@Abei ju de dan sheng@f(德)弗里德里希·尼采著@g周国平译
210    @a北京@c中国盲文出版社@d2014.04@h2015.04
215    @a196页@d26cm
300    @a国家彩票公益金资助大字版
330    @a《悲剧的诞生》是德国现代哲学家尼采第一部较为系统的美学和哲学著作。从书名来看,本书是对作为文学形式之一的悲剧的探讨,但实际上包含着比较丰富的内容,阐述了作者的许多哲学思想,因而可说是他的哲学的诞生地,是一本值得重视的著作。本书的主要目的不在于对悲剧进行纯理论的探讨,而是从人生哲学的角度探讨了悲剧与人生的关系,提倡一种审美的人生态度,建立起一种悲剧人生观。本书同时收入《自我批判的尝试》。
606 0  @a美学理论@y德国@z近代
690    @aB83-095.16@v5
690    @aB516.47@v5
701  1 @c(德)@a尼采@Ani cai@b弗里德里希@4著
702  0 @a周国平@Azhou guo ping@4译
801  0 @aCN@bBJSZM@c20210402
905    @b1275173-6@dB83-095.16@e397@f4
    
    悲剧的诞生/(德)弗里德里希·尼采著/周国平译.-北京:中国盲文出版社,2014.04(2015.04)
    196页;26cm
    国家彩票公益金资助大字版
    
    ISBN 978-7-5002-4905-4:CNY29.00
    《悲剧的诞生》是德国现代哲学家尼采第一部较为系统的美学和哲学著作。从书名来看,本书是对作为文学形式之一的悲剧的探讨,但实际上包含着比较丰富的内容,阐述了作者的许多哲学思想,因而可说是他的哲学的诞生地,是一本值得重视的著作。本书的主要目的不在于对悲剧进行纯理论的探讨,而是从人生哲学的角度探讨了悲剧与人生的关系,提倡一种审美的人生态度,建立起一种悲剧人生观。本书同时收入《自我批判的尝试》。
●
相关链接 在E读中查询图书 在五车中查询图书 在当当中查询图书 在豆瓣中查询图书


正题名:悲剧的诞生     索取号:B83-095.16/397         预约/预借

序号 登录号 条形码 馆藏地/架位号 状态 备注
1 1275173   212751734   第一样本阅览室/ [索取号:B83-095.16/397] 在馆    
2 1275174   212751743   教育系资料室/ [索取号:B83-095.16/397] 在馆    
3 1275175   212751752   教育系资料室/ [索取号:B83-095.16/397] 在馆    
4 1275176   212751761   第一借阅区/ [索取号:B83-095.16/397] 在馆    
唐山师范学院图书馆 欢迎您!
大连网信软件有限公司© 版权所有